| 000 | 00644nam a2200217Ia 4500 | ||
|---|---|---|---|
| 003 | OSt | ||
| 005 | 20251204163009.0 | ||
| 008 | 220926b |||||||| |||| 00| 0 eng d | ||
| 020 | _a0826416179 | ||
| 037 | _cGeneral Book | ||
| 040 |
_aRTL _cRTL _beng |
||
| 041 |
_2eng _aeng |
||
| 084 |
_aY:3(Q62), P4 _qRTL |
||
| 100 |
_aPhipps Willam E. _9371345 |
||
| 245 | 0 | _aClerical Celibacy: The Heritage | |
| 260 |
_aNew _bYork Continuum _c2004 |
||
| 300 |
_ax, 272 p. _bIncludes bibliographical references and index. |
||
| 650 |
_aSociology _9854699 |
||
| 942 |
_hY:3(Q62), P4 _cGB _2CC _n0 |
||
| 999 |
_c691553 _d691553 |
||